000 00388 a2200169 4500
001 184281
020 _a978-85-16-06349-8
040 _cMagnum
100 _aBandeira, Pedro
240 1 0 _aO mistério da fábrica de livros
_lpor
245 1 0 _aO mistério da fábrica de livros
300 _a96
362 0 _a2009
440 1 _aModerna
697 _aLITERATURA JUVENIL
942 _cBK
999 _c184281
_d184281